Statističeskije metody dľa EVM = Statistical methods for digital computers /

Guardado en:
Detalles Bibliográficos
Otros Autores: Enslein, Kurt (Compilador)
Formato: Libro
Lenguaje:ruso
Publicado: Moskva : Nauka, 1986
Edición:1.vyd.
Etiquetas: Agregar Etiqueta
Sin Etiquetas, Sea el primero en etiquetar este registro!

MARC

LEADER 00000nam a22000003a 4500
001 stu8564
005 20150617225807.5
008 960126s1986----xxr-----------------rus-d
040 |a STU  |b slo 
041 0 |a rus 
044 |a xxr 
080 |a 519.23 
080 |a 681.32 
100 1 |a Enslein, Kurt  |4 com 
245 1 |a Statističeskije metody dľa EVM = Statistical methods for digital computers /  |c Edit. Enslein,K 
250 |a 1.vyd. 
260 |a Moskva :  |b Nauka,  |c 1986 
300 |a 459 s 
500 |a prel. z angl.orig. 
996 |b I3487  |c I*3487  |l II680  |s A  |a 24  |w stu8564_0001